| 000 | 00508nam a22002057a 4500 | ||
|---|---|---|---|
| 003 | OSt | ||
| 005 | 20140310182758.0 | ||
| 008 | 130209t xxu||||| |||| 00| 0 eng d | ||
| 020 | _a0071484515 | ||
| 050 |
_aHB 615 _b.M228 2006 |
||
| 100 | _aMcmillan, Alex | ||
| 245 |
_aEntrepreneurship / _cAlex Mcmillan |
||
| 260 |
_aLondon : _bTeach yourself, _c2006. |
||
| 300 |
_axv, 266 p. : _c20 cm. |
||
| 521 | _aBSBA | ||
| 562 | _e1 | ||
| 650 | _aEntrepreneurship. | ||
| 942 |
_2lcc _cBK _kFOR |
||
| 999 |
_c15901 _d15901 |
||